000
00251nam a2200097Ia 4500
001
1253493
005
20251031150954.0
008
251031s9999 xx 000 0 und d
245
0
_c
SAVAŞ ÖZDEMİR
_a
V-15 SELAM VERİYORUM
260
_b
TİMAŞ YAYINLARI
999
_c
1253493
_d
1253493